000 00430nam a22001457a 4500
999 _c7760
_d7758
005 20210324164430.0
008 210324b ||||| |||| 00| 0 eng d
082 _a345.408 23
100 _aMANOHAR AND CHITALEY
_96503
245 _aTHE AIR MANUAL CIVIL AND CRIMINAL INCOME TAX ACT, 1961 [SECTION, 10 TO 138] VOL- 27
260 _aNAGPUR
_bTHE ALL INDIA REPORTER PVT.LTD.
300 _a1300,p
650 _aLAW
_95701
942 _cJRL